Countries without WORLD Quiz Stats

 Plays Quiz not verified by Sporcle

Score 0/31 Timer 08:00
0 Plays Today
% Correct
Japan
85.3%
China
81.1%
Zambia
76.2%
Egypt
74.1%
Yemen
74.1%
Kenya
73.4%
Fiji
72%
Guyana
72%
Haiti
71.3%
Spain
71.3%
Cuba
69.9%
Guinea
69.9%
Panama
67.1%
Kazakhstan
65%
Afghanistan
64.3%
Guinea-Bissau
64.3%
% Correct
Benin
62.2%
Ghana
62.2%
Vietnam
61.5%
Pakistan
60.8%
Bhutan
60.1%
Uzbekistan
60.1%
Bahamas
58.7%
Namibia
58.7%
Tajikistan
58.7%
Gambia
58%
Vanuatu
58%
Jamaica
57.3%
Tunisia
55.2%
Tanzania
54.5%
Vatican City
54.5%

You're not logged in!

Compare scores with friends on all Sporcle quizzes.
OR
Log In

Show Comments

Extras

Top Quizzes Today


Score Distribution

Your Account Isn't Verified!

In order to create a playlist on Sporcle, you need to verify the email address you used during registration. Go to your Sporcle Settings to finish the process.

Report this User

Report this user for behavior that violates our Community Guidelines.

Details: